000 01278nam0a2200313 4500
001 RU\NLR\BIBL_A\012242872
005 20250623234431.0
010 _bВ пер.
_d2 р. 20 к.
_910000
021 _aRU
_b[59-6691]
035 _a(NLR Aleph) 012242872
090 _a11040401
_c11040401
100 _a20130115d1959 |||y0rusy50 ca
101 0 _arus
102 _aRU
105 _aa z |||||
200 1 _aЗа творческое изучение марксизма-ленинизма
_e[сборник статей
_fсост.: А.П. Филиппов]
210 _aЛенинград
_cЛениздат
_d1959
215 _a178 с.
_cил.
_d20
300 _aСоставитель указан в выпускных данных
606 1 _aМарксизм-ленинизм
_jСборники
_xИзучение
_91499063
_3RU\NLR\AUTH\66649676
606 _aПолитическое просвещение
_jСборники
_yЛенинград, город
_92052396
_3RU\NLR\AUTH\66946986
686 1 _aА35я43
702 1 _aФилиппов
_bА. П.
_f1920-
_gАлександр Петрович
_4220
801 0 _aRU
_bNLR
_gpsbo
801 1 _aRU
_bELAR
_2rusmarc
852 _aNLR
_j59-3/999
942 _cBOOK
980 _aNB